| 000 | 00687nam a2200241Ia 4500 | ||
|---|---|---|---|
| 003 | OSt | ||
| 005 | 20220924122514.0 | ||
| 006 | a|||||r|||| 00| 0 | ||
| 007 | ta | ||
| 008 | 220923b |||||||| |||| 00| 0 per d | ||
| 024 | _a285695 | ||
| 037 | _cTextual | ||
| 040 |
_aARTS _cARTS _bper |
||
| 041 |
_2per _aper |
||
| 082 | _aV2:1.G02, 164F7 | ||
| 100 |
_aRoss E.Denison Ed. _911129 |
||
| 245 | 0 | _aTareekh-e-fakharuddin mubarakshah maruroozi | |
| 260 |
_aLondon _bThe Royal Asiatic Society _c1927 |
||
| 300 |
_a84p. _ccm. |
||
| 650 | _aPERSIAN LANGUAGE - HISTORY | ||
| 942 |
_hV2:1.G02, 164F7 _cTEXL _2CC |
||
| 999 |
_c411887 _d411887 |
||